[Event "FICGS rapid A 000277 email"]
[Site "FICGS email"]
[Date "2021.12.19"]
[Round "1"]
[White "Wiaderek, Piotr"]
[Black "Mevel, Alberic"]
[Result "1/2-1/2"]
[WhiteElo "2191"]
[BlackElo "2072"]
[PlyCount "76"]
[EventDate "2021.??.??"]
[EventType "tourn (rapid)"]
[EventRounds "6"]
[SourceTitle "Corr 2024"]
[Source "ChessBase"]
[SourceDate "2023.10.19"]
[SourceVersion "1"]
[SourceVersionDate "2023.10.19"]
[SourceQuality "1"]

1. d4 Nf6 2. c4 g6 3. Nc3 Bg7 4. e4 d6 5. h3 0-0 6. Be3 e5 7. d5 a5 8. g4 Na6 9. Nge2 Nd7 10. Qd2 Ndc5 11. Ng3 c6 12. 0-0-0 a4 13. f3 Qa5 14. h4 h6 15. Nb1 Qxd2+ 16. Bxd2 cxd5 17. cxd5 Bd7 18. Na3 b5 19. h5 b4 20. Nc4 a3 21. b3 Nxb3+ 22. axb3 Nc5 23. Kc2 Nxb3 24. Kxb3 Ba4+ 25. Ka2 Bxd1 26. Bxb4 Rfb8 27. Bd3 Bxf3 28. Bxd6 Bxh1 29. Bxb8 Rxb8 30. Nxh1 Bf8 31. Nf2 Kg7 32. Bc2 Rc8 33. Bb3 f6 34. Nd1 f5 35. exf5 gxf5 36. gxf5 Rd8 37. Nc3 Bb4 38. Ne4 Rxd5 1/2-1/2

[Event "FICGS W-ch st1 g08 email"]
[Site "FICGS email"]
[Date "2021.08.15"]
[Round "1"]
[White "Kehayov, Yulian"]
[Black "Mevel, Alberic"]
[Result "0-1"]
[WhiteElo "1322"]
[BlackElo "2072"]
[PlyCount "56"]
[EventDate "2021.??.??"]
[EventType "tourn (corr)"]
[EventRounds "6"]
[SourceTitle "Corr 2024"]
[Source "ChessBase"]
[SourceDate "2023.10.19"]
[SourceVersion "1"]
[SourceVersionDate "2023.10.19"]
[SourceQuality "1"]

1. e4 c5 2. Nf3 Nc6 3. Bb5 g6 4. 0-0 Bg7 5. c3 Nf6 6. Re1 0-0 7. h3 Qb6 8. Bc4 d6 9. Bb3 e5 10. Na3 a6 11. d3 Qc7 12. Nc2 Na5 13. Bg5 Nxb3 14. axb3 Be6 15. Bxf6 Bxf6 16. b4 cxb4 17. Nxb4 a5 18. Nd5 Bxd5 19. exd5 Rfb8 20. d4 exd4 21. Nxd4 Qb6 22. Qd2 Re8 23. Ne2 Re7 24. Ng3 Rae8 25. Rxe7 Rxe7 26. Nf1 Qb5 27. g3 h5 28. Ne3 Bg5 0-1

[Event "FICGS W-ch st1 g08 email"]
[Site "FICGS email"]
[Date "2021.08.15"]
[Round "1"]
[White "Krakovsky, Peter"]
[Black "Mevel, Alberic"]
[Result "0-1"]
[WhiteElo "2014"]
[BlackElo "2072"]
[PlyCount "34"]
[EventDate "2021.??.??"]
[EventType "tourn (corr)"]
[EventRounds "6"]
[SourceTitle "Corr 2024"]
[Source "ChessBase"]
[SourceDate "2023.10.19"]
[SourceVersion "1"]
[SourceVersionDate "2023.10.19"]
[SourceQuality "1"]

1. e4 e5 2. Nf3 Nc6 3. Bb5 a6 4. Ba4 Nf6 5. 0-0 Be7 6. Re1 b5 7. Bb3 0-0 8. c3 d5 9. exd5 Nxd5 10. Nxe5 Nxe5 11. Rxe5 c6 12. d4 Bd6 13. Re1 Qh4 14. g3 Qh3 15. Be3 Bg4 16. Qd3 Rae8 17. Nd2 Qh5 0-1

[Event "FICGS class A 000183 email"]
[Site "FICGS email"]
[Date "2018.01.17"]
[Round "1"]
[White "Mevel, Alberic"]
[Black "Sorbi, Luca"]
[Result "1/2-1/2"]
[WhiteElo "2104"]
[BlackElo "2070"]
[PlyCount "41"]
[EventDate "2018.??.??"]
[EventType "tourn (corr)"]
[EventRounds "6"]
[SourceTitle "Corr 2022"]
[Source "ChessBase"]
[SourceDate "2021.10.24"]
[SourceVersion "1"]
[SourceVersionDate "2021.10.24"]
[SourceQuality "1"]

1. Nf3 Nf6 2. c4 c5 3. Nc3 Nc6 4. g3 g6 5. d4 cxd4 6. Nxd4 Bg7 7. Bg2 0-0 8. 0-0 Nxd4 9. Qxd4 d6 10. Qd3 a6 11. Bd2 Rb8 12. Rac1 Bf5 13. e4 Bd7 14. h3 b5 15. cxb5 axb5 16. b4 Qe8 17. Rfe1 Be6 18. Nd5 Nd7 19. Rc7 Ne5 20. Qb3 Qd8 21. Rec1 1/2-1/2

[Event "FICGS rapid M 000091 email"]
[Site "FICGS email"]
[Date "2018.01.14"]
[Round "1"]
[White "Khanas, Valeriy"]
[Black "Mevel, Alberic"]
[Result "1/2-1/2"]
[WhiteElo "2178"]
[BlackElo "2104"]
[PlyCount "61"]
[EventDate "2018.??.??"]
[EventType "tourn (rapid)"]
[EventRounds "6"]
[SourceTitle "Corr 2022"]
[Source "ChessBase"]
[SourceDate "2021.10.24"]
[SourceVersion "1"]
[SourceVersionDate "2021.10.24"]
[SourceQuality "1"]

1. e4 e5 2. Nf3 Nc6 3. Bb5 a6 4. Ba4 Nf6 5. 0-0 b5 6. Bb3 Bb7 7. d3 Be7 8. c4 bxc4 9. Bxc4 0-0 10. Nc3 d6 11. Rb1 Na5 12. Bd5 Nxd5 13. Nxd5 Qd7 14. Bd2 Bxd5 15. exd5 Nb7 16. b4 Rfc8 17. Re1 c5 18. dxc6 Qxc6 19. Qb3 Nd8 20. d4 e4 21. d5 Qc4 22. Bg5 Qxb3 23. Rxb3 Bxg5 24. Nxg5 f5 25. f3 h6 26. Nh3 exf3 27. Rxf3 Rab8 28. Rxf5 Nf7 29. a3 a5 30. bxa5 Ra8 31. Rf3 1/2-1/2

[Event "FICGS rapid M 000091 email"]
[Site "FICGS email"]
[Date "2018.01.14"]
[Round "1"]
[White "Mevel, Alberic"]
[Black "Ortiz, Clodomiro"]
[Result "1/2-1/2"]
[WhiteElo "2104"]
[BlackElo "2225"]
[PlyCount "83"]
[EventDate "2018.??.??"]
[EventType "tourn (rapid)"]
[EventRounds "6"]
[SourceTitle "Corr 2022"]
[Source "ChessBase"]
[SourceDate "2021.10.24"]
[SourceVersion "1"]
[SourceVersionDate "2021.10.24"]
[SourceQuality "1"]

1. e4 g6 2. d4 Bg7 3. Nc3 d6 4. f4 Nf6 5. Bd3 Na6 6. Nf3 0-0 7. 0-0 c5 8. d5 b6 9. Qe2 Nb4 10. Bc4 e6 11. dxe6 Bxe6 12. Bxe6 fxe6 13. e5 Ne8 14. Ne4 d5 15. Nf2 Nc7 16. c3 Nc6 17. Ng4 a5 18. a4 Ne7 19. Be3 Nf5 20. Bf2 Qc8 21. g3 Qa6 22. Qd1 Qb7 23. b3 Rac8 24. Re1 Na6 25. Rb1 Qe7 26. Qd3 Nb8 27. Qb5 Nd7 28. Ne3 Nxe3 29. Bxe3 Rfe8 30. Kg2 Bf8 31. Re2 Rc7 32. Nd2 Qd8 33. h4 Qa8 34. Kh2 Qc6 35. Qd3 Nb8 36. Rh1 Rg7 37. Rg2 Qb7 38. Rf1 Be7 39. Nf3 Nc6 40. Bd2 Qd7 41. Be3 Bd8 42. Qb5 1/2-1/2

[Event "FICGS rapid A 000206 email"]
[Site "FICGS email"]
[Date "2017.12.03"]
[Round "1"]
[White "Frendzas, Panayotis"]
[Black "Mevel, Alberic"]
[Result "1/2-1/2"]
[WhiteElo "2029"]
[BlackElo "2104"]
[PlyCount "81"]
[EventDate "2017.??.??"]
[EventType "tourn (rapid)"]
[EventRounds "6"]
[SourceTitle "Corr 2022"]
[Source "ChessBase"]
[SourceDate "2021.10.24"]
[SourceVersion "1"]
[SourceVersionDate "2021.10.24"]
[SourceQuality "1"]

1. e4 c5 2. Nf3 d6 3. d4 cxd4 4. Nxd4 Nf6 5. Nc3 a6 6. Be3 e6 7. f3 b5 8. Qd2 Nbd7 9. g4 Nb6 10. Qf2 Nfd7 11. 0-0-0 Bb7 12. Bd3 Rc8 13. Nce2 Qc7 14. Kb1 Be7 15. g5 d5 16. h4 dxe4 17. Bxe4 Bxe4 18. fxe4 0-0 19. Qf3 Nc4 20. Bc1 Nc5 21. b3 Ne5 22. Qe3 b4 23. Bb2 a5 24. Rhg1 a4 25. h5 Qb7 26. Nf4 axb3 27. axb3 Rfd8 28. g6 Bf6 29. gxf7+ Nxf7 30. Rg2 Qc7 31. h6 Qe5 32. hxg7 Nxe4 33. Re2 Nc3+ 34. Bxc3 Qxe3 35. Rxe3 Rxc3 36. Rxe6 Bxd4 37. Rxd4 Rxd4 38. Re8+ Kxg7 39. Ne6+ Kf6 40. Nxd4 h5 41. Re6+ 1/2-1/2

[Event "FICGS rapid M 000090 email"]
[Site "FICGS email"]
[Date "2017.12.02"]
[Round "1"]
[White "Mevel, Alberic"]
[Black "Jabot, Daniel"]
[Result "1/2-1/2"]
[WhiteElo "2104"]
[BlackElo "2110"]
[PlyCount "100"]
[EventDate "2017.??.??"]
[EventType "tourn (rapid)"]
[EventRounds "6"]
[SourceTitle "Corr 2022"]
[Source "ChessBase"]
[SourceDate "2021.10.24"]
[SourceVersion "1"]
[SourceVersionDate "2021.10.24"]
[SourceQuality "1"]

1. e4 c5 2. Nf3 d6 3. d4 cxd4 4. Nxd4 Nf6 5. Nc3 a6 6. Be3 e6 7. f3 b5 8. g4 h6 9. Qd2 b4 10. Na4 Nbd7 11. 0-0-0 Ne5 12. b3 Bd7 13. Nb2 d5 14. Bf4 Qc7 15. h4 dxe4 16. Nc4 Nxc4 17. Bxc4 e5 18. Bh2 Qc5 19. Nf5 Bxf5 20. gxf5 Be7 21. fxe4 Rd8 22. Qg2 0-0 23. Kb1 Rxd1+ 24. Rxd1 Rd8 25. Rg1 Ne8 26. Bg3 Qc7 27. Qe2 Nf6 28. Bf2 Qc6 29. Bd3 h5 30. Be3 Bc5 31. Rg2 Ng4 32. Bc1 Rd4 33. Bb2 Rd8 34. Bc1 Bd4 35. Bd2 a5 36. Rg3 Bc3 37. Bg5 Rd6 38. Bc4 Qb6 39. Bd5 Qf2 40. Qxf2 Nxf2 41. Kc1 Ng4 42. Bd2 Bxd2+ 43. Kxd2 Nf6 44. Rd3 Kf8 45. c4 Nd7 46. Ke3 Nc5 47. Rd1 f6 48. Rg1 Rb6 49. Rb1 Rd6 50. Rf1 Rb6 1/2-1/2

[Event "FICGS rapid M 000090 email"]
[Site "FICGS email"]
[Date "2017.12.02"]
[Round "1"]
[White "Mevel, Alberic"]
[Black "Ortiz, Clodomiro"]
[Result "1/2-1/2"]
[WhiteElo "2104"]
[BlackElo "2247"]
[PlyCount "31"]
[EventDate "2017.??.??"]
[EventType "tourn (rapid)"]
[EventRounds "6"]
[SourceTitle "Corr 2022"]
[Source "ChessBase"]
[SourceDate "2021.10.24"]
[SourceVersion "1"]
[SourceVersionDate "2021.10.24"]
[SourceQuality "1"]

1. e4 e5 2. Nf3 Nc6 3. Bc4 Nf6 4. Ng5 d5 5. exd5 Na5 6. Bb5+ c6 7. dxc6 bxc6 8. Bd3 Nd5 9. h4 Qc7 10. Nc3 h6 11. Nxd5 cxd5 12. Qh5 Bc5 13. b4 Bxb4 14. Nxf7 0-0 15. Nxe5 Rf5 16. Qe8+ 1/2-1/2

[Event "FICGS class A 000182 email"]
[Site "FICGS email"]
[Date "2017.12.02"]
[Round "1"]
[White "Mevel, Alberic"]
[Black "Satonnet, Patrick"]
[Result "0-1"]
[WhiteElo "2104"]
[BlackElo "2004"]
[PlyCount "70"]
[EventDate "2017.??.??"]
[EventType "tourn (corr)"]
[EventRounds "6"]
[SourceTitle "Corr 2022"]
[Source "ChessBase"]
[SourceDate "2021.10.24"]
[SourceVersion "1"]
[SourceVersionDate "2021.10.24"]
[SourceQuality "1"]

1. e4 e6 2. d4 b6 3. Bd3 Bb7 4. Nf3 d5 5. exd5 Qxd5 6. c4 Qd8 7. 0-0 Nf6 8. Nc3 Be7 9. Bg5 h6 10. Bh4 0-0 11. Qe2 Nh5 12. Bxe7 Qxe7 13. Bc2 Nd7 14. Rad1 Nhf6 15. Rfe1 Rfe8 16. Ba4 Rad8 17. a3 c5 18. Nh4 cxd4 19. Rxd4 e5 20. Rd2 g6 21. Qe3 Kg7 22. Red1 Rf8 23. b4 Nb8 24. Rxd8 Rxd8 25. Rxd8 Qxd8 26. Qxe5 Nc6 27. Bxc6 Bxc6 28. h3 Qd2 29. c5 bxc5 30. Qxc5 Ba8 31. Qe3 Qb2 32. Ne2 Qb1+ 33. Kh2 Qe4 34. Qxe4 Nxe4 35. f4 Nd6 0-1

[Event "Avoine op 32nd"]
[Site "Avoine"]
[Date "2017.07.22"]
[Round "1"]
[White "Bourdeaud'Huy, Thomas"]
[Black "Mevel, Alberic"]
[Result "0-1"]
[WhiteElo "1964"]
[BlackElo "2189"]
[PlyCount "136"]
[EventDate "2017.07.22"]
[EventType "swiss"]
[EventRounds "9"]
[EventCountry "FRA"]
[SourceTitle "CBM 179 Extra"]
[Source "ChessBase"]
[SourceDate "2017.08.23"]
[SourceVersion "1"]
[SourceVersionDate "2017.08.23"]
[SourceQuality "1"]

1. d4 Nf6 2. Bf4 c5 3. c3 g6 4. e3 Bg7 5. Nf3 0-0 6. Nbd2 b6 7. Be2 Ba6 8. 0-0 Qc8 9. h3 d6 10. Re1 Bxe2 11. Qxe2 Qa6 12. Qxa6 Nxa6 13. a4 Nc7 14. a5 Ne6 15. axb6 axb6 16. Bg5 Nxg5 17. Nxg5 cxd4 18. exd4 Nd5 19. g3 b5 20. Ngf3 Rfc8 21. Kf1 Kf8 22. Ke2 Ke8 23. Kd3 Nb6 24. Rxa8 Rxa8 25. Kc2 Nc4 26. Rb1 d5 27. Nb3 Ra2 28. Nc5 e6 29. Nd3 Bf8 30. Kb3 Ra8 31. Re1 Bd6 32. Re2 Ke7 33. Nfe1 Ra1 34. Kc2 h6 35. Nc1 Kd7 36. Nb3 Ra8 37. Nd3 Ke7 38. Re1 h5 39. Ra1 Rxa1 40. Nxa1 f6 41. Nb3 e5 42. dxe5 fxe5 43. Nbc1 Kf6 44. Ne2 Kf5 45. f3 Kf6 46. Ndc1 Ne3+ 47. Kd2 Nf5 48. Kd3 Bc5 49. Nb3 Bf2 50. g4 Nh4 51. Nd2 Be1 52. Ng1 Kg5 53. Ke2 Bxd2 54. Kxd2 Kf4 55. gxh5 gxh5 56. Ke2 Kg3 57. Ke3 Ng2+ 58. Ke2 Nf4+ 59. Ke3 Kg2 60. Ne2 Nxe2 61. Kxe2 Kxh3 62. f4 Kg4 63. fxe5 Kf5 64. Kf3 Kxe5 65. Ke3 h4 66. Kf3 d4 67. cxd4+ Kxd4 68. Kg4 b4 0-1

[Event "Avoine op 32nd"]
[Site "Avoine"]
[Date "2017.07.22"]
[Round "3"]
[White "Deveque, Guillaume"]
[Black "Mevel, Alberic"]
[Result "0-1"]
[WhiteElo "1962"]
[BlackElo "2189"]
[PlyCount "52"]
[EventDate "2017.07.22"]
[EventType "swiss"]
[EventRounds "9"]
[EventCountry "FRA"]
[SourceTitle "CBM 179 Extra"]
[Source "ChessBase"]
[SourceDate "2017.08.23"]
[SourceVersion "1"]
[SourceVersionDate "2017.08.23"]
[SourceQuality "1"]

1. b4 e5 2. Bb2 Bxb4 3. Bxe5 Nf6 4. c4 0-0 5. Nf3 d5 6. cxd5 Nxd5 7. e3 c5 8. Be2 Nc6 9. Bb2 Bg4 10. 0-0 Re8 11. h3 Bh5 12. a3 Ba5 13. Qb3 Qd6 14. Nc3 Nxc3 15. Bxc3 Bc7 16. Rfc1 b6 17. Qc4 Rad8 18. Qh4 Bg6 19. d4 cxd4 20. Bxd4 Re4 21. Qg3 Qe7 22. Qg5 Nxd4 23. exd4 Rxe2 24. Qb5 Re6 25. d5 Red6 26. Re1 Qd7 0-1

[Event "FICGS class C 000245 email"]
[Site "FICGS email"]
[Date "2016.08.05"]
[Round "1"]
[White "Mevel, Alberic"]
[Black "Meli, Cosimo Leonardo"]
[Result "1-0"]
[WhiteElo "1901"]
[BlackElo "1987"]
[PlyCount "41"]
[EventDate "2016.??.??"]
[EventType "tourn (corr)"]
[EventRounds "1"]
[SourceTitle "Corr 2022"]
[Source "ChessBase"]
[SourceDate "2021.10.24"]
[SourceVersion "1"]
[SourceVersionDate "2021.10.24"]
[SourceQuality "1"]

1. e4 d5 2. exd5 Qxd5 3. Nc3 Qe5+ 4. Be2 Nc6 5. Nf3 Qd6 6. d4 Nf6 7. d5 Nb4 8. Nb5 Qd8 9. c4 e6 10. Bf4 Na6 11. 0-0 exd5 12. cxd5 Nxd5 13. Be5 c6 14. Nbd4 Nc5 15. Re1 Be7 16. Bxg7 Rg8 17. Be5 Rg6 18. Qc2 Kf8 19. Bg3 Kg8 20. Ne5 Rg7 21. Ndxc6 1-0

[Event "FICGS rapid A 000191 email"]
[Site "FICGS email"]
[Date "2016.08.05"]
[Round "1"]
[White "Mevel, Alberic"]
[Black "Yarkov, Evgeny"]
[Result "1-0"]
[WhiteElo "1901"]
[BlackElo "1906"]
[PlyCount "23"]
[EventDate "2016.??.??"]
[EventType "tourn (rapid)"]
[EventRounds "6"]
[SourceTitle "Corr 2022"]
[Source "ChessBase"]
[SourceDate "2021.10.24"]
[SourceVersion "1"]
[SourceVersionDate "2021.10.24"]
[SourceQuality "1"]

1. e4 c5 2. Nf3 Nc6 3. d4 cxd4 4. Nxd4 Nf6 5. Nc3 e5 6. Ndb5 d6 7. Bg5 h6 8. Bxf6 gxf6 9. Nd5 Be6 10. Nbc7+ Kd7 11. Nxa8 Qxa8 12. Nxf6+ 1-0

[Event "FICGS class C 000244 email"]
[Site "FICGS email"]
[Date "2016.06.26"]
[Round "1"]
[White "Khanas, Valeriy"]
[Black "Mevel, Alberic"]
[Result "1-0"]
[WhiteElo "2068"]
[BlackElo "1901"]
[PlyCount "55"]
[EventDate "2016.??.??"]
[EventType "tourn (corr)"]
[EventRounds "1"]
[SourceTitle "Corr 2022"]
[Source "ChessBase"]
[SourceDate "2021.10.24"]
[SourceVersion "1"]
[SourceVersionDate "2021.10.24"]
[SourceQuality "1"]

1. d4 Nf6 2. c4 d6 3. Nc3 e5 4. Nf3 e4 5. Nd2 Qe7 6. Qc2 e3 7. fxe3 g6 8. e4 Bg7 9. Nf3 h6 10. Bf4 0-0 11. e3 Re8 12. Bd3 Nh5 13. h3 Nxf4 14. exf4 Nc6 15. Nd5 Qd8 16. e5 a5 17. a3 Nxd4 18. Nxd4 c6 19. Nc3 dxe5 20. Nde2 exf4 21. 0-0-0 Qg5 22. Kb1 b5 23. cxb5 cxb5 24. Nxb5 Re3 25. Nec3 Qe5 26. Rd2 Be6 27. Re2 Rxe2 28. Qxe2 1-0

[Event "FICGS class C 000244 email"]
[Site "FICGS email"]
[Date "2016.06.26"]
[Round "1"]
[White "Mevel, Alberic"]
[Black "Cirulis, Ilmars"]
[Result "1-0"]
[WhiteElo "1901"]
[BlackElo "1980"]
[PlyCount "53"]
[EventDate "2016.??.??"]
[EventType "tourn (corr)"]
[EventRounds "1"]
[SourceTitle "Corr 2022"]
[Source "ChessBase"]
[SourceDate "2021.10.24"]
[SourceVersion "1"]
[SourceVersionDate "2021.10.24"]
[SourceQuality "1"]

1. e4 a6 2. d4 e6 3. Nf3 d5 4. Nc3 Bb4 5. e5 c5 6. a3 Bxc3+ 7. bxc3 c4 8. a4 Qa5 9. Qd2 Bd7 10. Be2 Bxa4 11. 0-0 h6 12. g3 Ne7 13. Nh4 Nbc6 14. Ba3 g6 15. Ng2 b5 16. Ne3 h5 17. Rfb1 Kf8 18. Bf1 Kg7 19. h4 Qd8 20. Bh3 Nb8 21. Nd1 Nc8 22. Qe2 Nb6 23. Ne3 Nc6 24. Ng2 a5 25. Bc1 b4 26. Bg5 Qf8 27. Nf4 1-0